00647nam a2200181 a 4500001001000000003000900010005001700019007001000036008004100046020001500087040002200102100003700124245009800161260007000259300003300329500006300362504004000425000016389DO-SdBNP20180320101638.0000016389100304s2000 dr ab 001 0 spa d a9993425125 aBPMSUbspacBPMSU1 aHerrera Moreno, Alejandrod1952-13aLa clasificación numérica y su aplicación en la ecología /cAlejandro Herrera Moreno. aSanto Domingo :bInstituto Tecnológico de Santo Domingo,c2000. a88 p. :bil., map. ;c27 cm. aIncluye datos biográficos del autor en la contracubierta aIncluye bibliografía (p. 86- 88 )